000 01782nam a2200529 i 4500
001 38221
003 KOSZ 005
005 20220824102845.0
008 990921s1999 pl a f f |000 0 pol
015 _aUWD 1999/14266
020 _a8320811805
035 _a991011428829705066
035 _a(PL-WaBN)b13110019-48omnis_nlop
035 _ab13110019
035 _a(OCoLC)749832315
035 _azz2005841631
035 _a(PL)b0000001311001
035 _a(EXLNZ-48OMNIS_NETWORK)9910245707405606
040 _aWA N
_cWA N
_dKOSZ 005/HR
041 0 _apol
046 _k1996
080 _a005.2:339.138
080 _a658.1/.5
080 _a(075.8)
100 1 _aKłeczek, Ryszard
_eAutor
245 1 0 _aStrategiczne planowanie marketingowe /
_cRyszard Kłeczek, Witold Kowal, Jarosław Woźniczka ; pod red. nauk. Anieli Styś.
250 _aWyd. 2 zm.
260 _aWarszawa :
_bPolskie Wydawnictwo Ekonomiczne,
_c1999.
300 _a413, [3] s. :
_bwykr. ;
_c21 cm.
336 _aTekst
_btxt
_2rdacontent
337 _aBez urządzenia pośredniczącego
_bn
_2rdamedia
338 _aWolumin
_bnc
_2rdacarrier
380 _aKsiążki
388 _a1901-2000
388 _a1989-2000
504 _aBibliogr. s. 401-404.
650 7 _aMarketing strategiczny
_2DBN
650 7 _aPlanowanie strategiczne
_2DBN
655 7 _aPodręczniki akademickie
_2DBN
658 _aZarządzanie i marketing
700 1 _aKowal, Witold
_c(nauki ekonomiczne)
_eAutor
700 1 _aStyś, Aniela
_d(1942- )
_eRedakcja
700 1 _aWoźniczka, Jarosław
_d(1964- )
_eAutor
856 _uhttp://koha.tu.koszalin.pl/cgi-bin/koha/opac-detail.pl?biblionumber=38221
_yKatalog online BPK
942 _2UKD
_cKS
999 _c38221
_d38221